[Event "Paul Keres qual."]
[Site "Montreal CAN"]
[Date "1994.11.29"]
[Round "4"]
[White "Rousseau, Daniel"]
[Black "Rouleau, Paul"]
[Result "0-1"]
[WhiteElo "2132"]
[BlackElo "1962"]
[PlyCount "112"]
[GameId "2160767912140143"]
[EventDate "1994.11.01"]
[EventType "tourn"]
[EventRounds "6"]
[EventCountry "CAN"]
[SourceTitle "hb 2011"]

1. e4 e5 2. Nf3 Nc6 3. Bb5 a6 4. Ba4 Nf6 5. O-O b5 6. Bb3 Be7 7. a4 Bb7 8. d3 O-O 9. Re1 d6 10. c3 Nd7 11. d4 Bf6 12. Be3 Na5 13. Bc2 Nc4 14. Bc1 c5 15. d5 Qc7 16. b3 Na5 17. Nbd2 Nb6 18. axb5 axb5 19. Bb2 Ra6 20. Qe2 Qd7 21. Ra2 Rfa8 22. Rea1 Bc8 23. Nf1 c4 24. b4 Nb3 25. Rxa6 Bxa6 26. Bxb3 cxb3 27. N1d2 Na4 28. Nxb3 Bd8 29. Ra3 f5 30. Ba1 Bb7 31. Na5 Bxa5 32. bxa5 Rxa5 33. Qd2 fxe4 34. c4 Ra8 35. Ng5 bxc4 36. Nxe4 Nb6 37. Rxa8+ Bxa8 38. Qb4 Qa4 39. Qxa4 Nxa4 40. Kf1 Bxd5 41. Nxd6 c3 42. Ke1 Nb2 43. Ke2 Kf8 44. f3 g6 45. Ke3 Ke7 46. Nb5 Nd1+ 47. Kd3 Bc4+ 48. Kc2 Ne3+ 49. Kxc3 Bxb5 50. Kb4 Nc2+ 51. Kxb5 Nxa1 52. Kc4 Nc2 53. g4 Ne1 54. Kd5 Kf6 55. Ke4 Ng2 56. h3 Nf4 0-1

[Event "Paul Keres qual."]
[Site "Montreal CAN"]
[Date "1994.12.06"]
[Round "5"]
[White "Victor, Gary"]
[Black "Rousseau, Daniel"]
[Result "1-0"]
[WhiteElo "1920"]
[BlackElo "2132"]
[PlyCount "69"]
[GameId "2160767912140145"]
[EventDate "1994.11.01"]
[EventType "tourn"]
[EventRounds "6"]
[EventCountry "CAN"]
[SourceTitle "hb 2011"]

1. e4 e5 2. Nf3 Nc6 3. Bb5 a6 4. Ba4 Nf6 5. O-O b5 6. Bb3 Bb7 7. Re1 Bc5 8. c3 d6 9. d4 Bb6 10. a3 h6 11. Bc2 Qd7 12. b4 O-O-O 13. d5 Ne7 14. Be3 Bxe3 15. fxe3 c6 16. dxc6 Qxc6 17. Nbd2 Ng6 18. a4 d5 19. axb5 axb5 20. exd5 Rxd5 21. Qe2 Qb6 22. c4 Nf4 23. Qf1 Rxd2 24. Nxd2 Bxg2 25. Bf5+ Kb8 26. Qf2 Nh3+ 27. Bxh3 Bxh3 28. Ra5 Bd7 29. cxb5 Rc8 30. Rea1 Ng4 31. Ra8+ Kc7 32. R1a7+ Kd8 33. Rxd7+ Kxd7 34. Qxf7+ Kd6 35. Ne4# 1-0

[Event "Paul Keres qual."]
[Site "Montreal CAN"]
[Date "1994.12.13"]
[Round "6"]
[White "Rousseau, Daniel"]
[Black "Bergeron, Marc"]
[Result "1-0"]
[WhiteElo "2132"]
[BlackElo "2017"]
[PlyCount "119"]
[GameId "2160767912140146"]
[EventDate "1994.11.01"]
[EventType "tourn"]
[EventRounds "6"]
[EventCountry "CAN"]
[SourceTitle "hb 2011"]

1. e4 e5 2. Nf3 Nc6 3. Bb5 a6 4. Ba4 Nf6 5. O-O b5 6. Bb3 Be7 7. Re1 d6 8. c3 O-O 9. h3 h6 10. d4 Re8 11. Nbd2 Bf8 12. Nf1 Na5 13. Bc2 Bb7 14. Ng3 g6 15. b3 Bg7 16. Bd2 Nc6 17. d5 Ne7 18. Qc1 Kh7 19. c4 c6 20. Qa3 a5 21. dxc6 Bxc6 22. Rad1 b4 23. Qc1 Nd7 24. Be3 Qc7 25. Qd2 Nc8 26. Nh2 Nc5 27. h4 h5 28. Qe2 Rh8 29. Nf3 f6 30. Qd2 Qe7 31. Nh2 Ne6 32. Ne2 Qf8 33. f4 Bh6 34. g3 Nc5 35. Rf1 Nxe4 36. Qd3 f5 37. Nf3 Qe7 38. c5 Nxc5 39. Bxc5 e4 40. Qc4 exf3 41. Nd4 Qe3+ 42. Kh1 f2+ 43. Nxc6 Qxc5 44. Qxc5 dxc5 45. Rd7+ Bg7 46. Rxf2 Nb6 47. Rb7 Nd5 48. Rd2 Ne3 49. Rdd7 Rhg8 50. Bd3 a4 51. bxa4 Rxa4 52. Nd8 Rxa2 53. Ne6 Ra1+ 54. Kh2 Ng4+ 55. Kg2 Ra2+ 56. Kf1 Nh2+ 57. Ke1 Nf3+ 58. Kd1 Ra1+ 59. Kc2 Ra2+ 60. Kc1 1-0

[Event "Beauce op"]
[Site "Ste-Marie-de-Beauce CAN"]
[Date "1994.10.29"]
[Round "3"]
[White "St Amand, Paul Jr"]
[Black "Rousseau, Daniel"]
[Result "1-0"]
[WhiteElo "2141"]
[BlackElo "2087"]
[PlyCount "101"]
[GameId "2160767912140154"]
[EventDate "1994.10.28"]
[EventType "swiss"]
[EventRounds "5"]
[EventCountry "CAN"]
[SourceTitle "hb 2011"]

1. e4 e5 2. Nf3 Nc6 3. Bb5 a6 4. Ba4 Nf6 5. O-O b5 6. Bb3 Bb7 7. Re1 Bc5 8. c3 d6 9. d4 Bb6 10. a4 h6 11. axb5 axb5 12. Rxa8 Qxa8 13. d5 Na5 14. Bc2 Ng4 15. Rf1 Qa7 16. Qe2 f5 17. h3 Nf6 18. Nbd2 O-O 19. b4 Nc4 20. Nxc4 bxc4 21. Qxc4 fxe4 22. Bxe4 Ba6 23. b5 Bxb5 24. Bh7+ Kxh7 25. Qxb5 Qa2 26. c4 Ne4 27. Be3 Nc3 28. Qc6 Ne2+ 29. Kh2 Nd4 30. Bxd4 exd4 31. Qb5 Qe2 32. Qb1+ Kg8 33. Qe1 d3 34. Kg1 Rxf3 35. gxf3 Qxf3 36. Qe6+ Kh7 37. Qg4 Qxg4+ 38. hxg4 d2 39. Rd1 Ba5 40. Kf1 Kg6 41. Ke2 Kg5 42. f3 Kf4 43. Ra1 Bb6 44. Ra3 Be3 45. Ra1 Bd4 46. Rd1 Bc3 47. Rb1 Bd4 48. Rh1 Bc3 49. Rh5 d1=Q+ 50. Kxd1 Kxf3 51. Rh3+ 1-0

[Event "Beauce op"]
[Site "Ste-Marie-de-Beauce CAN"]
[Date "1994.10.30"]
[Round "4"]
[White "Angers, Gilles"]
[Black "Rousseau, Daniel"]
[Result "0-1"]
[WhiteElo "2012"]
[BlackElo "2087"]
[PlyCount "52"]
[GameId "2160767912140155"]
[EventDate "1994.10.28"]
[EventType "swiss"]
[EventRounds "5"]
[EventCountry "CAN"]
[SourceTitle "hb 2011"]

1. Nf3 Nf6 2. g3 d5 3. Bg2 Bg4 4. c4 c6 5. cxd5 Nxd5 6. Ne5 Bh5 7. Nc3 e6 8. Nxd5 exd5 9. O-O Nd7 10. Nf3 Bd6 11. d4 O-O 12. Bg5 f6 13. Be3 Nb6 14. b3 Nc8 15. Qd2 Re8 16. Rfe1 Qe7 17. Qd1 Bb4 18. Bd2 a5 19. Bxb4 Qxb4 20. Nh4 Nd6 21. Qd3 a4 22. Bf3 Bf7 23. e3 Ra7 24. Rab1 axb3 25. axb3 g5 26. Ng2 Bg6 0-1

[Event "Beauce op"]
[Site "Ste-Marie-de-Beauce CAN"]
[Date "1994.10.30"]
[Round "5"]
[White "Rousseau, Daniel"]
[Black "Belanger, Jacques"]
[Result "1-0"]
[WhiteElo "2087"]
[BlackElo "1942"]
[PlyCount "101"]
[GameId "2160767912140156"]
[EventDate "1994.10.28"]
[EventType "swiss"]
[EventRounds "5"]
[EventCountry "CAN"]
[SourceTitle "hb 2011"]

1. e4 c5 2. Nf3 Nc6 3. d4 cxd4 4. Nxd4 Nf6 5. Nc3 d6 6. Bg5 e6 7. Qd2 a6 8. O-O-O Bd7 9. f4 Be7 10. Nf3 b5 11. Bxf6 gxf6 12. Bd3 Qa5 13. Kb1 b4 14. Ne2 Qc5 15. Rhf1 a5 16. f5 e5 17. Nc1 a4 18. Qe2 Na5 19. Nd2 a3 20. Ncb3 Nxb3 21. cxb3 axb2 22. Nc4 O-O 23. Qxb2 Ra7 24. Qe2 Rfa8 25. Rd2 Bb5 26. Rc2 Bxc4 27. Bxc4 Qb6 28. Bd5 Rf8 29. Rcc1 Rc7 30. Bc4 Rfc8 31. Rf3 Bf8 32. Rh3 Kh8 33. Qh5 h6 34. Rg3 Bg7 35. Qg4 Rg8 36. Rd1 Qf2 37. Rf3 Qb6 38. Qh4 Ra7 39. Rfd3 Rxa2 40. Kxa2 Ra8+ 41. Kb1 Qa5 42. Kc1 Qa2 43. Qh3 Qe2 44. R3d2 Qxe4 45. Kb2 Ra3 46. Rxd6 Qb7 47. Rd8+ Kh7 48. R1d7 Qb6 49. Bxf7 Bf8 50. Bg6+ Kg8 51. Bh7+ 1-0

[Event "St Marie de Beauce op"]
[Site "St Marie de Beauce CAN"]
[Date "1994.10.28"]
[Round "1"]
[White "Rousseau, Daniel"]
[Black "Courtemanche, Marc Andre"]
[Result "1-0"]
[WhiteElo "2087"]
[BlackElo "1837"]
[PlyCount "71"]
[GameId "2160767912140159"]
[EventDate "1994.10.28"]
[EventType "swiss"]
[EventRounds "5"]
[EventCountry "CAN"]
[SourceTitle "EXT 2022"]
[Source "ChessBase"]
[SourceDate "2021.10.06"]
[SourceVersion "1"]
[SourceVersionDate "2021.10.06"]
[SourceQuality "1"]

1. e4 c5 2. Nf3 Nc6 3. d4 cxd4 4. Nxd4 e6 5. Nc3 d6 6. Be3 Nf6 7. f3 a6 8. Qd2 Be7 9. O-O-O Nxd4 10. Bxd4 e5 11. Be3 Be6 12. g4 Rc8 13. g5 Nd7 14. h4 Qa5 15. Bh3 b5 16. Bxe6 fxe6 17. Kb1 b4 18. Ne2 O-O 19. f4 Rc4 20. f5 Rfc8 21. fxe6 Nf8 22. Rc1 Nxe6 23. Ng3 Nd4 24. Nf5 Nxf5 25. exf5 d5 26. f6 Bf8 27. fxg7 Bxg7 28. g6 hxg6 29. h5 d4 30. Bh6 Qc7 31. hxg6 Bxh6 32. Qxh6 Qg7 33. Qh3 R4c6 34. Rcf1 R8c7 35. Qb3+ Rc4 36. Rh7 1-0

[Event "Quebec-ch Amateur"]
[Site "Montreal CAN"]
[Date "1994.10.07"]
[Round "1"]
[White "Koliada, Timour"]
[Black "Rousseau, Daniel"]
[Result "0-1"]
[WhiteElo "2365"]
[BlackElo "2045"]
[PlyCount "86"]
[GameId "2160767912140239"]
[EventDate "1994.10.07"]
[EventType "swiss"]
[EventRounds "5"]
[EventCountry "CAN"]
[SourceTitle "hb 2011"]

1. d4 Nf6 2. c4 g6 3. Nc3 Bg7 4. e4 d6 5. f3 O-O 6. Be3 e5 7. Nge2 Nc6 8. d5 Na5 9. Nc1 c5 10. Bd3 a6 11. a3 b5 12. cxb5 axb5 13. Bxb5 Ba6 14. Qe2 Bxb5 15. Nxb5 Nh5 16. b4 Nf4 17. Bxf4 exf4 18. Rb1 Nb7 19. O-O Qb6 20. bxc5 Nxc5 21. Kh1 Qa6 22. Nd3 Nxd3 23. Qxd3 Rfc8 24. Rfc1 Bb2 25. Rxc8+ Rxc8 26. Qb3 Be5 27. h3 Qb6 28. Rf1 Rc5 29. Nd4 Qa6 30. Qb8+ Kg7 31. Ne6+ fxe6 32. Rb1 Qc8 33. Rb7+ Kg8 34. dxe6 Rc1+ 35. Kh2 Bd4 36. h4 Bf6 37. e7 Kf7 38. e8=Q+ Kxe8 39. Qa7 Bxh4 40. Qa4+ Kf8 41. Qd7 Bg3+ 42. Kh3 Qxd7+ 43. Rxd7 h5 0-1

[Event "Quebec-ch Amateur"]
[Site "Montreal CAN"]
[Date "1994.10.08"]
[Round "2"]
[White "Rousseau, Daniel"]
[Black "Gravel, Simon M"]
[Result "1/2-1/2"]
[WhiteElo "2045"]
[BlackElo "2173"]
[PlyCount "117"]
[GameId "2160767912140240"]
[EventDate "1994.10.07"]
[EventType "swiss"]
[EventRounds "5"]
[EventCountry "CAN"]
[SourceTitle "hb 2011"]

1. e4 d5 2. e5 c5 3. Nf3 Nc6 4. h3 f6 5. Bb5 Bd7 6. Bxc6 Bxc6 7. d4 e6 8. O-O f5 9. Nc3 Qd7 10. Be3 c4 11. Ne2 h6 12. h4 Qf7 13. Nf4 Ne7 14. h5 g5 15. hxg6 Nxg6 16. Nxg6 Qxg6 17. Nh4 Qf7 18. g3 Be7 19. Ng2 Kd7 20. Nf4 h5 21. Kg2 Rag8 22. Rh1 h4 23. Qf3 Rg4 24. Rh3 Rhg8 25. Rah1 Kc7 26. Kf1 Ba4 27. b3 Bb5 28. Ke1 Kb8 29. Kd2 Rc8 30. c3 cxb3 31. axb3 Bd8 32. Kc2 Qc7 33. Bd2 Qa5 34. Kb2 Be7 35. Ra1 Qb6 36. gxh4 a5 37. Kc2 a4 38. h5 a3 39. Rhh1 Bg5 40. Rxa3 Bxf4 41. Bxf4 Qxd4 42. Bd2 Re4 43. Rha1 Rc6 44. Ra4 Bxa4 45. Rxa4 Qc5 46. Rxe4 dxe4 47. Qg3 Rc8 48. h6 Qa5 49. Kb2 Rd8 50. Bg5 Rd3 51. Qxd3 exd3 52. h7 Qxe5 53. Bf4 Qxf4 54. h8=Q+ Ka7 55. Qd4+ Qxd4 56. cxd4 Kb6 57. Kc3 Kc6 58. Kxd3 Kd5 59. f4 1/2-1/2

[Event "Quebec-ch Amateur"]
[Site "Montreal CAN"]
[Date "1994.10.08"]
[Round "3"]
[White "Gardner, Robert"]
[Black "Rousseau, Daniel"]
[Result "1/2-1/2"]
[WhiteElo "2210"]
[BlackElo "2045"]
[PlyCount "110"]
[GameId "2160767912140241"]
[EventDate "1994.10.07"]
[EventType "swiss"]
[EventRounds "5"]
[EventCountry "CAN"]
[SourceTitle "hb 2011"]

1. e4 e5 2. f4 d5 3. exd5 e4 4. d3 Nf6 5. Nc3 Bb4 6. Bd2 e3 7. Bxe3 O-O 8. Bd2 Re8+ 9. Be2 c6 10. Nf3 Qe7 11. d6 Qxd6 12. O-O Nbd7 13. Kh1 Nf8 14. Ne5 Be6 15. Ng4 Nxg4 16. Bxg4 f5 17. Bh5 g6 18. Bf3 Ba5 19. Nb5 Qd8 20. Bxa5 Qxa5 21. Nd4 Bf7 22. c3 Rad8 23. Nb3 Qb5 24. d4 a5 25. Qc2 Bc4 26. Rfe1 a4 27. Nc5 Rxe1+ 28. Rxe1 Bxa2 29. Qe2 Qxe2 30. Rxe2 b6 31. Nxa4 c5 32. Rd2 cxd4 33. Rxd4 Rxd4 34. cxd4 Ne6 35. Nxb6 Nxd4 36. Bd5+ Bxd5 37. Nxd5 Kf7 38. g3 Ke6 39. Ne3 Kd6 40. Kg2 Kc5 41. Kf2 Kb4 42. Nd5+ Kb3 43. Nf6 h5 44. Nd7 Ne6 45. Ke3 Kxb2 46. Ne5 Kc3 47. Nxg6 Nd4 48. Ne7 Nc2+ 49. Kf2 Nd4 50. Kg2 Kd3 51. Kh3 Ke4 52. Kh4 Nf3+ 53. Kxh5 Nxh2 54. Kg6 Nf1 55. Nxf5 Nxg3 1/2-1/2

[Event "Montreal op"]
[Site "Montreal CAN"]
[Date "1994.09.03"]
[Round "1"]
[White "Gauthier, Andre"]
[Black "Rousseau, Daniel"]
[Result "1/2-1/2"]
[WhiteElo "1918"]
[BlackElo "2028"]
[PlyCount "91"]
[GameId "2160767912140302"]
[EventDate "1994.09.03"]
[EventType "swiss"]
[EventRounds "5"]
[EventCountry "CAN"]
[SourceTitle "hb 2011"]

1. d4 Nf6 2. Nf3 d5 3. e3 e6 4. Bd3 Bd6 5. Nbd2 O-O 6. O-O Nbd7 7. e4 dxe4 8. Nxe4 Nxe4 9. Bxe4 h6 10. Qe2 Re8 11. Re1 e5 12. dxe5 Nxe5 13. Nxe5 Bxe5 14. g3 Bd7 15. Qd3 c6 16. c3 Qc7 17. Bd2 Rad8 18. Qc2 Bg4 19. Be3 c5 20. f3 Bd7 21. Qf2 b6 22. Rad1 Be6 23. f4 Bf6 24. Rxd8 Qxd8 25. a3 Bc4 26. Bf3 Qd3 27. Qd2 Qxd2 28. Bxd2 Rxe1+ 29. Bxe1 Kf8 30. Kf2 a5 31. Bd1 b5 32. b3 Bd5 33. a4 b4 34. c4 Bd4+ 35. Ke2 Be4 36. Bf2 Ke7 37. Bxd4 cxd4 38. Kd2 Kd6 39. Bc2 Bf3 40. Bd3 Kc5 41. Be2 Bc6 42. Kd3 Bg2 43. Bg4 Bf1+ 44. Be2 Bg2 45. Bg4 Bf1+ 46. Be2 1/2-1/2

[Event "Montreal op"]
[Site "Montreal CAN"]
[Date "1994.09.03"]
[Round "2"]
[White "Rousseau, Daniel"]
[Black "Levtchouk, George"]
[Result "0-1"]
[WhiteElo "2028"]
[BlackElo "2286"]
[PlyCount "78"]
[GameId "2160767912140311"]
[EventDate "1994.09.03"]
[EventType "swiss"]
[EventRounds "5"]
[EventCountry "CAN"]
[SourceTitle "hb 2011"]

1. e4 g6 2. d4 Bg7 3. Nc3 d6 4. Be3 a6 5. Qd2 b5 6. O-O-O Bb7 7. f3 Nd7 8. d5 c6 9. dxc6 Bxc6 10. Bd4 Ngf6 11. g4 h6 12. h4 Rc8 13. Nce2 e5 14. Bc3 d5 15. Ba5 Qe7 16. Bb4 Nc5 17. Kb1 dxe4 18. fxe4 Bxe4 19. Rh3 Nd5 20. Bxc5 Rxc5 21. Rc1 Nb6 22. Nc3 Bb7 23. Re3 O-O 24. Ne4 Rd5 25. Qf2 Rd4 26. Bd3 Nc4 27. Bxc4 Rxc4 28. Qe2 f5 29. gxf5 gxf5 30. Nd2 Rg4 31. Ngf3 e4 32. Ne1 Rxh4 33. c4 Qe5 34. Rb3 Rh2 35. Qd1 Rd8 36. Rc2 e3 37. Nd3 Rxd3 38. Rxd3 exd2 39. Rcxd2 Be4 0-1

[Event "Montreal op"]
[Site "Montreal CAN"]
[Date "1994.09.04"]
[Round "3"]
[White "Berson, Jordan"]
[Black "Rousseau, Daniel"]
[Result "0-1"]
[WhiteElo "1755"]
[BlackElo "2028"]
[PlyCount "88"]
[GameId "2160767912140321"]
[EventDate "1994.09.03"]
[EventType "swiss"]
[EventRounds "5"]
[EventCountry "CAN"]
[SourceTitle "hb 2011"]

1. d4 Nf6 2. c4 g6 3. Nc3 Bg7 4. e4 d6 5. Be2 O-O 6. Nf3 e5 7. O-O Nc6 8. d5 Ne7 9. Ne1 Nd7 10. Be3 f5 11. f3 f4 12. Bf2 g5 13. Nb5 b6 14. b4 Nf6 15. c5 Ng6 16. cxd6 cxd6 17. Rc1 Rf7 18. Rc6 Bf8 19. Qc2 Ne8 20. a4 Bd7 21. Rc3 h5 22. Nd3 g4 23. Rc1 g3 24. hxg3 fxg3 25. Bxg3 Bh6 26. Ra1 Be3+ 27. Bf2 Bxf2+ 28. Kxf2 Qh4+ 29. Ke3 Qg5+ 30. Kf2 h4 31. Qc1 Qg3+ 32. Ke3 Qg5+ 33. Kf2 Nf4 34. Nxf4 exf4 35. Qg1 Qg3+ 36. Kf1 h3 37. Bd3 h2 38. Qh1 Rg7 39. Ra2 Bh3 40. Nd4 Nf6 41. Nf5 Qxf3+ 42. Ke1 Rxg2 43. Rxg2+ Qxg2 44. Qxg2+ Bxg2 0-1

[Event "Montreal op"]
[Site "Montreal CAN"]
[Date "1994.09.04"]
[Round "4"]
[White "Rousseau, Daniel"]
[Black "Fillion, Robert"]
[Result "1-0"]
[WhiteElo "2028"]
[BlackElo "1817"]
[PlyCount "55"]
[GameId "2160767912140332"]
[EventDate "1994.09.03"]
[EventType "swiss"]
[EventRounds "5"]
[EventCountry "CAN"]
[SourceTitle "hb 2011"]

1. e4 c5 2. Nf3 e6 3. d4 cxd4 4. Nxd4 a6 5. Bd3 Qc7 6. O-O Bc5 7. Nb3 Ba7 8. Qg4 g6 9. Nc3 h5 10. Qg5 Nc6 11. Bf4 Qd8 12. Qg3 Bb8 13. Bxb8 Rxb8 14. f4 h4 15. Qe1 Nh6 16. f5 Ne5 17. fxg6 Nxg6 18. e5 Qg5 19. Ne4 Qxe5 20. Nf6+ Kd8 21. Qf2 Nf5 22. Ng4 Qd5 23. Qb6+ Ke7 24. Bxf5 exf5 25. Rae1+ Kf8 26. Qd8+ Kg7 27. Qf6+ Kh7 28. Rxf5 1-0

[Event "Montreal op"]
[Site "Montreal CAN"]
[Date "1994.09.05"]
[Round "5"]
[White "St Amand, Paul Jr"]
[Black "Rousseau, Daniel"]
[Result "0-1"]
[WhiteElo "2079"]
[BlackElo "2028"]
[PlyCount "94"]
[GameId "2160767912140349"]
[EventDate "1994.09.03"]
[EventType "swiss"]
[EventRounds "5"]
[EventCountry "CAN"]
[SourceTitle "hb 2011"]

1. e4 e5 2. Nf3 Nc6 3. Bb5 a6 4. Ba4 Nf6 5. O-O Be7 6. Re1 b5 7. Bb3 d6 8. c3 O-O 9. h3 Bb7 10. d4 Re8 11. Nbd2 Bf8 12. Bc2 g6 13. Nf1 exd4 14. cxd4 Nb4 15. d5 c6 16. dxc6 Bxc6 17. Ng3 Nxc2 18. Qxc2 Rc8 19. Qd3 Nd7 20. Bg5 Qb6 21. b4 Qb7 22. Nd4 Ne5 23. Qb3 Bd7 24. Rad1 Nc4 25. f3 d5 26. Bf4 Bg7 27. Kh2 h5 28. Bg5 Qc7 29. Nde2 dxe4 30. fxe4 Bc6 31. Bf4 Qe7 32. Nd4 Bb7 33. Nf3 h4 34. Nf1 Bf6 35. Kh1 Bxe4 36. Re2 Qb7 37. Rde1 Bc6 38. N1h2 Re4 39. Bh6 Bd5 40. Ng4 Rxg4 41. hxg4 h3 42. Re8+ Rxe8 43. Rxe8+ Kh7 44. Bf4 hxg2+ 45. Kxg2 Qd7 46. Re1 Qxg4+ 47. Bg3 Bh4 0-1

[Event "Festival gourmands"]
[Site "Asbestos CAN"]
[Date "1994.08.26"]
[Round "1"]
[White "Rousseau, Daniel"]
[Black "Abreu Cordero, Jose"]
[Result "0-1"]
[WhiteElo "2069"]
[BlackElo "1923"]
[PlyCount "82"]
[GameId "2160767912140405"]
[EventDate "1994.08.26"]
[EventType "swiss"]
[EventRounds "5"]
[EventCountry "CAN"]
[SourceTitle "EXT 2022"]
[Source "ChessBase"]
[SourceDate "2021.10.06"]
[SourceVersion "1"]
[SourceVersionDate "2021.10.06"]
[SourceQuality "1"]

1. e4 e6 2. d4 d5 3. Nd2 c5 4. Ngf3 Nc6 5. exd5 exd5 6. Bb5 Be6 7. O-O Nf6 8. dxc5 Bxc5 9. Nb3 Qb6 10. Qe2 O-O 11. Nxc5 Qxc5 12. c3 a6 13. Ba4 b5 14. Bb3 Rfe8 15. Be3 Qd6 16. h3 Na5 17. Nd4 Bd7 18. Qf3 Rac8 19. Bf4 Qc5 20. Bc2 b4 21. Nf5 Ne4 22. Be3 Qc6 23. Bd4 Bxf5 24. Qxf5 bxc3 25. bxc3 Nc4 26. f3 g6 27. Qf4 Ned2 28. Qh6 f6 29. Bxg6 hxg6 30. Qxg6+ Kf8 31. Bxf6 Re6 32. Qg7+ Ke8 33. Rfe1 Ne3 34. Qg8+ Kd7 35. Qf7+ Kd6 36. Bd4 Rce8 37. Qf4+ Kd7 38. Bxe3 Nc4 39. Qf5 Nxe3 40. Rxe3 Qc5 41. Rae1 Kc6 0-1

[Event "Festival gourmands"]
[Site "Asbestos CAN"]
[Date "1994.08.27"]
[Round "2"]
[White "Lachance, Steve"]
[Black "Rousseau, Daniel"]
[Result "1-0"]
[WhiteElo "1994"]
[BlackElo "2069"]
[PlyCount "63"]
[GameId "2160767912140406"]
[EventDate "1994.08.26"]
[EventType "swiss"]
[EventRounds "5"]
[EventCountry "CAN"]
[SourceTitle "hb 2011"]

1. e4 e5 2. Nf3 Nc6 3. Bb5 a6 4. Ba4 Nf6 5. d4 exd4 6. e5 Ne4 7. O-O b5 8. Bb3 d5 9. exd6 Nxd6 10. Bd5 Bb7 11. Re1+ Be7 12. Qe2 Nc8 13. Qe4 N8a7 14. Ne5 Nxe5 15. Bxb7 Rb8 16. Qxe5 Rxb7 17. Qxg7 Rf8 18. Bh6 Kd7 19. Qxh7 Re8 20. Qf5+ Kc6 21. Qxf7 Kb6 22. Nd2 c6 23. Nf3 Rg8 24. Qf4 Rd7 25. Rad1 Bd6 26. Qe4 c5 27. b4 cxb4 28. Qxd4+ Ka5 29. Bf4 Rg4 30. Ne5 Bxe5 31. Qxd7 Qa8 32. Qxg4 1-0

[Event "Quebec op"]
[Site "Montreal CAN"]
[Date "1994.07.23"]
[Round "1"]
[White "Rousseau, Daniel"]
[Black "Dion, Jacques"]
[Result "0-1"]
[WhiteElo "2133"]
[BlackElo "1853"]
[PlyCount "134"]
[GameId "2160767912198117"]
[EventDate "1994.07.23"]
[EventType "swiss"]
[EventRounds "8"]
[EventCountry "CAN"]
[SourceTitle "hb 2011"]

1. e4 c5 2. Nf3 d6 3. d4 cxd4 4. Nxd4 Nf6 5. Nc3 a6 6. Bg5 Nc6 7. Nb3 Bd7 8. a4 b6 9. Be2 e6 10. O-O Be7 11. Qd2 Qc7 12. Rad1 O-O 13. Bxf6 gxf6 14. Qh6 Nb4 15. f4 Kh8 16. Rf3 Rg8 17. e5 dxe5 18. Rh3 Rg7 19. fxe5 f5 20. Qf4 Rag8 21. Rg3 Bc6 22. Nd4 Bxg2 23. Kxg2 Nc6 24. Nxc6 Qxc6+ 25. Bf3 Qc7 26. Kh1 Bg5 27. Qd4 b5 28. Qd6 Qc4 29. Be2 Qh4 30. Qd4 Bf4 31. Rdd3 Bxg3 32. Qxh4 Bxh4 33. Rd1 b4 34. Na2 a5 35. Nc1 Rg2 36. Rf1 Bf2 37. h4 Bxh4 38. Bd3 Bf2 39. Ne2 Bb6 40. Bb5 R2g4 41. Rf4 Rxf4 42. Nxf4 Rg1+ 43. Kh2 Re1 44. Be8 Kg8 45. Nh5 Bd8 46. Nf4 Rxe5 47. Kg2 Rc5 48. Nd3 Rxc2+ 49. Kf1 Kf8 50. Bb5 Bc7 51. b3 Ke7 52. Bc4 Bd6 53. Ne1 Rc3 54. Ke2 h5 55. Nf3 e5 56. Bd5 Kf6 57. Nd2 h4 58. Nc4 Bc7 59. Ne3 h3 60. Bb7 Kg5 61. Nd5 Rc5 62. Ne3 e4 63. Kf2 Rc1 64. Nc4 h2 65. Nd2 h1=Q 66. Nxe4+ fxe4 67. Bxe4 Bb6+ 0-1

[Event "Quebec op"]
[Site "Montreal CAN"]
[Date "1994.07.24"]
[Round "2"]
[White "Caceres Cortes, Julio"]
[Black "Rousseau, Daniel"]
[Result "1/2-1/2"]
[WhiteElo "1894"]
[BlackElo "2133"]
[PlyCount "120"]
[GameId "2160767912198127"]
[EventDate "1994.07.23"]
[EventType "swiss"]
[EventRounds "8"]
[EventCountry "CAN"]
[SourceTitle "hb 2011"]

1. d4 Nf6 2. c4 g6 3. Nc3 Bg7 4. e4 d6 5. f4 O-O 6. Nf3 c5 7. d5 e6 8. Be2 exd5 9. cxd5 b5 10. e5 dxe5 11. fxe5 Ng4 12. Bg5 Qb6 13. O-O c4+ 14. Kh1 Na6 15. Be7 Ne3 16. Qd2 Re8 17. d6 Bb7 18. Rfe1 Bh6 19. Bf1 Nb4 20. Rab1 Bxf3 21. gxf3 Ng4 22. Bg5 Bxg5 23. Qxg5 Nf2+ 24. Kg2 Nfd3 25. Bxd3 Nxd3 26. Re2 Qd4 27. Nxb5 Qf4 28. Qg3 Qf5 29. Re4 Rxe5 30. Nd4 Qg5 31. Rxe5 Qxe5 32. Qxe5 Nxe5 33. Re1 Nd3 34. Re7 Rd8 35. d7 Kf8 36. Nc6 Nf4+ 37. Kg3 Nd5 38. Re8+ Rxe8 39. dxe8=Q+ Kxe8 40. Nxa7 Nb4 41. a4 Nd3 42. a5 Nxb2 43. Nc6 c3 44. a6 Nc4 45. Nb4 Nb6 46. Kf2 Kd7 47. Ke2 Kd6 48. Kd3 c2 49. Nxc2 Kc5 50. Ke4 Kb5 51. Ke5 Kxa6 52. Kd6 Nc4+ 53. Ke7 Kb6 54. Ne1 f5 55. Kf6 Kc5 56. Kg7 g5 57. Kxh7 g4 58. Kg6 Ne5+ 59. Kxf5 Nxf3 60. Kxg4 Nxh2+ 1/2-1/2

[Event "Quebec op"]
[Site "Montreal CAN"]
[Date "1994.07.25"]
[Round "3"]
[White "Rousseau, Daniel"]
[Black "Hamel, Jean-Claude"]
[Result "0-1"]
[WhiteElo "2133"]
[BlackElo "1802"]
[PlyCount "70"]
[GameId "2160767912202252"]
[EventDate "1994.07.23"]
[EventType "swiss"]
[EventRounds "8"]
[EventCountry "CAN"]
[SourceTitle "hb 2011"]

1. e4 c5 2. Nf3 Nc6 3. d4 cxd4 4. Nxd4 Nf6 5. Nc3 e5 6. Ndb5 d6 7. Bg5 a6 8. Bxf6 gxf6 9. Na3 b5 10. Nd5 f5 11. Bd3 Be6 12. Qh5 h6 13. O-O Rg8 14. f4 fxe4 15. Bxe4 Bg4 16. Nf6+ Qxf6 17. Bxc6+ Kd8 18. fxe5 Qxf1+ 19. Rxf1 Bxh5 20. Bxa8 dxe5 21. Bb7 Bc5+ 22. Kh1 b4 23. Nb1 Bg6 24. Nd2 Ke7 25. Bxa6 Rd8 26. Nb3 Bb6 27. c3 bxc3 28. bxc3 Be4 29. Bc4 f5 30. h4 Kf6 31. Kh2 Rd7 32. Be2 Rg7 33. Bf3 Bd3 34. Re1 e4 35. Be2 Bc7+ 0-1

[Event "Pere Noel"]
[Site "Montreal CAN"]
[Date "1993.12.28"]
[Round "3"]
[White "Roy, Guy"]
[Black "Rousseau, Daniel"]
[Result "1-0"]
[WhiteElo "2000"]
[BlackElo "2050"]
[PlyCount "43"]
[GameId "2160767912261468"]
[EventDate "1993.12.26"]
[EventType "swiss"]
[EventRounds "5"]
[EventCountry "CAN"]
[SourceTitle "hb 2011"]

1. e4 e5 2. Nf3 Nc6 3. Bb5 a6 4. Ba4 Nf6 5. O-O b5 6. Bb3 Bc5 7. c3 Nxe4 8. d4 Bb6 9. d5 Na5 10. Bc2 Nf6 11. Nxe5 Bb7 12. Bg5 h6 13. Bxf6 Qxf6 14. b4 Nc4 15. Nxc4 bxc4 16. Qe2+ Kf8 17. Qxc4 Re8 18. Nd2 Qg5 19. Bb3 Qxd2 20. d6 Kg8 21. Qxf7+ Kh7 22. Qf5+ 1-0

[Event "Premiere Neige"]
[Site "Montreal CAN"]
[Date "1993.11.27"]
[Round "1"]
[White "Rousseau, Daniel"]
[Black "Soudre, Nicolas"]
[Result "1-0"]
[WhiteElo "2050"]
[BlackElo "2000"]
[PlyCount "67"]
[GameId "2160767912261516"]
[EventDate "1993.11.27"]
[EventType "swiss"]
[EventRounds "4"]
[EventCountry "CAN"]
[SourceTitle "hb 2011"]

1. e4 e5 2. Nf3 Nc6 3. Bb5 a6 4. Ba4 Nf6 5. O-O Be7 6. Re1 b5 7. Bb3 O-O 8. a4 Bb7 9. d3 d6 10. c3 Na5 11. Ba2 c5 12. Nbd2 Rc8 13. Qe2 c4 14. d4 Nh5 15. Bb1 g5 16. dxe5 Nf4 17. Qe3 dxe5 18. Nxe5 Bc5 19. Qg3 f6 20. Nef3 Bd6 21. Qg4 h5 22. Qf5 Rc5 23. e5 Rf7 24. Ne4 Bxe4 25. Bxe4 Rxe5 26. Nxe5 fxe5 27. Bd5 Nxd5 28. Qg6+ Kf8 29. Bxg5 Nf6 30. Rad1 Qe7 31. Qf5 Kg7 32. Re3 Bc5 33. Rxe5 Bxf2+ 34. Kh1 1-0